00290nam a22000977a 4500008004100000040005500041080002200096245002300118260004000141300001100181240912b |||||||| |||| 00| 0 eng d aNational Science LibrarycNational Science Library aR 809.5(038) bL9 aXinhua dictionary  aBeijing: bCommercial Press, c1979 a618p.